| 000 | 00505nam a2200169Ia 4500 | ||
|---|---|---|---|
| 003 | GCL | ||
| 008 | 140319s9999 xx 000 0 ara d | ||
| 040 |
_aGCL / _cGCL |
||
| 082 | 0 | 4 |
_aد _b050 |
| 100 | 1 | _aمحمد رفعت | |
| 245 | 1 | 0 |
_aقضية فلسطين (اقرا 57 ) / _cمحمد رفعت |
| 300 | _a118 | ||
| 490 |
_aاقرأ _v0 |
||
| 650 | 0 | 4 | _aفلسطين المحتلة |
| 650 | 0 | 4 | _aفلسطين - تاريخ - العصر الحديث - الاحتلال الصهيونى |
| 942 |
_2ddc _cBK |
||
| 999 |
_c48819 _d48819 |
||